000 00504nam a2200181Ia 4500
001 13192
005 20260306163035.0
008 260306t2011||||xx |||||||||||||| ||spa||
041 _aESP
082 _a001.42
_bB34
100 _aBecker, Howard S.
_eAUT
245 0 _aManual de escritura para científicos sociales:
_bCómo empezar y terminar una tesis, un libro o un artículo
260 _c2011
300 _a236 páginas :
_c21 cm.
650 _aGEN
654 _aCHU
942 _cLIB
_dJUS
_fJUS
_2ddc
_n
999 _c13192
_d13192